Catálogo
 En Linea

El general Duarte / (Registro nro. 48897)

Detalles MARC
000 -CABECERA
campo de control de longitud fija 02237nam a2200337 a 4500
001 - NÚMERO DE CONTROL
campo de control 000017856
003 - IDENTIFICADOR DEL NÚMERO DE CONTROL
campo de control OSt
005 - FECHA Y HORA DE LA ÚLTIMA TRANSACCIÓN
campo de control 20240410073848.0
008 - DATOS DE LONGITUD FIJA--INFORMACIÓN GENERAL
campo de control de longitud fija 100406t2001 dr c 001 0bspa d
040 ## - FUENTE DE LA CATALOGACIÓN
Centro catalogador/agencia de origen DO-SdBNP
Lengua de catalogación spa
Centro/agencia transcriptor DO-SdBNP
049 ## - FONDOS LOCALES (OCLC)
Fondos de biblioteca
082 ## - NÚMERO DE LA CLASIFICACIÓN DECIMAL DEWEY
Número de clasificación 923.27293
Número de documento/Ítem D812a,2001
100 1# - ENTRADA PRINCIPAL--NOMBRE DE PERSONA
Nombre de persona Acosta Piña, Carlos Aníbal
9 (RLIN) 38735
245 13 - MENCIÓN DE TÍTULO
Título El general Duarte /
Mención de responsabilidad, etc. Carlos A. Acosta Piña ; presentación J. Alfonso Lockward P. ; prólogo César de Windt Lavandier.
250 ## - MENCIÓN DE EDICIÓN
Mención de edición 2a. ed.
260 ## - PUBLICACIÓN, DISTRIBUCIÓN, ETC.
Lugar de publicación, distribución, etc. Santo Domingo :
Nombre del editor, distribuidor, etc. Instituto Duartiano,
Fecha de publicación, distribución, etc. 2001
300 ## - DESCRIPCIÓN FÍSICA
Extensión 573 p. ;
Dimensiones il., retrs.
-- 22 cm.
490 1# - MENCIÓN DE SERIE
Mención de serie Duartiana
Designación de volumen o secuencia 9
500 ## - NOTA GENERAL
Nota general Incluye índice de personas, lugares y materias.
500 ## - NOTA GENERAL
Nota general Incluye datos biográficos del autor en la contracubierta
504 ## - NOTA DE BIBLIOGRAFÍA, ETC.
Nota de bibliografía, etc. Bibliografía : p. 572-573.
505 0# - NOTA DE CONTENIDO CON FORMATO
Información miscelánea Presentación /
Mención de responsabilidad J. Alfonso Lockward P. --
Título Prólogo /
Mención de responsabilidad César de Windt Lavandier --
Título Busto del General Juan Pablo Duarte, frente a la entrada principal del Hospital Militar "Dr. Enrique W. Lightgow Ceara", E.N. en la ciudad de Santo Domingo --
-- Introducción --
-- El cabo Duarte --
-- El ejército secreto --
-- En la revolución de "La Reforma" --
-- Ascenso a Coronel --
-- Plan de desembarco en Guayacanes --
-- El ejército haitiano --
-- El Ejército Libertador Dominicano --
-- General de Brigada del ejército --
-- La marina en los planes de Duarte --
-- En el frente de batalla del Sur --
-- Solicitud de ascenso --
-- Líder del movimiento armado del 9 de junio --
-- Delegado del gobierno en el Cibao --
-- Proclamado Presidente de la República --
-- Destitución y destierro --
-- Reglamentación del Ejército y la Guardia Nacional --
-- Dos personalidades diferentes (Duarte y Santana) --
-- En la guerra restauradora --
-- El ejército libertador dominicano y la Guerra de Cuba --
Información miscelánea Concluiones --
-- Anexos --
-- Mapas y planos --
-- Indice de personas, lugares y materias --
-- Bibliografías.
600 10 - PUNTO DE ACCESO ADICIONAL DE MATERIA--NOMBRE DE PERSONA
Nombre de persona Duarte, Juan Pablo,
Fechas asociadas al nombre 1813-1876
9 (RLIN) 1494
651 #0 - PUNTO DE ACCESO ADICIONAL DE MATERIA--NOMBRE GEOGRÁFICO
Nombre geográfico República Dominicana --
Subdivisión general Historia --
Subdivisión cronológica 1844-1930
9 (RLIN) 1009
700 1# - PUNTO DE ACCESO ADICIONAL--NOMBRE DE PERSONA
Nombre de persona Lockward Pérez, Jorge Alfonso,
Fechas asociadas al nombre 1937-2001
9 (RLIN) 2059
700 1# - PUNTO DE ACCESO ADICIONAL--NOMBRE DE PERSONA
Nombre de persona Windt Lavandier, César de,
Término indicativo de función/relación pról.
9 (RLIN) 38736
830 #0 - PUNTO DE ACCESO ADICIONAL DE SERIE-TÍTULO UNIFORME
Título uniforme Duartiana
Número de parte o sección de la obra 9
9 (RLIN) 38768
910 ## - DATOS DE OPCIÓN DEL USUARIO (OCLC)
Datos de opción del usuario
942 ## - ELEMENTOS DE PUNTO DE ACCESO ADICIONAL (KOHA)
Fuente del sistema de clasificación o colocación Dewey Decimal Classification
Tipo de ítem Koha Libro
956 ## - LOCALIZACIÓN Y ACCESO ELECTRÓNICOS LOCAL (OCLC)
Nombre del host VMateo
Existencias
Estado de retiro Estado de pérdida Fuente del sistema de clasificación o colocación Restricciones de uso No para préstamo Código de colección Localización permanente Ubicación/localización actual Fecha de adquisición Fuente de adquisición Total de préstamos Signatura topográfica completa Código de barras Fecha visto por última vez Precio válido a partir de Tipo de ítem Koha Nota pública
    Dewey Decimal Classification Excluido de préstamo Excluido de préstamo Monografías: Libros y Folletos Biblioteca Nacional Pedro Henríquez Ureña Patrimonio Dominicano 15.10.2020 Reyes Duluc   923.27293 D812a, 2001 2020-0165 15.10.2020 15.10.2020 Libro Perteneció a la biblioteca personal de la familia Reyes Duluc

Con tecnología Koha